Word Ladder: 2016 Slogan Quiz Stats

 Plays Quiz Updated Apr 24, 2016

Challenge
Share
Tweet
Embed
Score 0/14 Timer 01:30
1 Play Today
Hint 4-Letter Word % Correct
Person older than 12 but younger than 20TEEN
98.9%
Occasionally: now and ____THEN
98.8%
Observed; 'As ____ on TV'SEEN
98.5%
What a plant sprouts fromSEED
97.5%
★ To touch, or experience an emotion ★★ FEEL ★
97.4%
To supply with nourishmentFEED
97%
Goatee locationCHIN
94.7%
Hint 4-Letter Word % Correct
Emerged from the wombBORN
91.7%
Plant that grows earsCORN
89%
★ Patriotic song: 'My Country, 'Tis of ____' ★★ THEE ★
88.6%
It may be flippedCOIN
86.9%
★ Capital of Switzerland ★★ BERN ★
83.9%
Julie, the host of the US version of 'Big Brother'CHEN
74.2%
Retro school supply: Pee-____ folderCHEE
68.4%

Today's Daily Dose

You're not logged in!

Compare scores with friends on all Sporcle quizzes.
OR
Log In

You Might Also Like...

Show Comments

Extras

Top Quizzes Today


Score Distribution

Your Account Isn't Verified!

In order to create a playlist on Sporcle, you need to verify the email address you used during registration. Go to your Sporcle Settings to finish the process.

Report this User

Report this user for behavior that violates our Community Guidelines.

Details: